| 000 | 00685nam a22002297a 4500 | ||
|---|---|---|---|
| 999 |
_c13528 _d13528 |
||
| 003 | AR-CdUCM | ||
| 008 | 190415b ||||| |||| 00| 0 spa d | ||
| 020 | _a968-29-1532-5 | ||
| 040 |
_aMUNICIPALIDAD PROVINCIAL DEL CUSCO _cBIBLIOTECA MUNICIPAL DEL CUSCO |
||
| 082 |
_aES / 373.808 / _bC29 |
||
| 100 |
_aCardenas, Magolo _931983 |
||
| 245 | _aNo era el unico Noé / | ||
| 260 |
_aMexico : _bLibros del rincon sep, _c1987. |
||
| 300 |
_a28 paginas ; _bilustraciones, _c21 cm. |
||
| 500 | _acuentos | ||
| 650 |
_aCuentos _9217 |
||
| 650 |
_aHistoria _9136 |
||
| 650 |
_aLiteratura _983 |
||
| 700 |
_aLópez Castro, Rafael _94732 |
||
| 942 |
_2ddc _cLIBROS |
||
| 945 |
_apjha _d2019-04-15 |
||